[Event "NAYCC U14"]
[Site "Kingston CAN"]
[Date "2019.08.16"]
[Round "2.123"]
[White "Ivanescu, Mark"]
[Black "Xu, Philip"]
[Result "1-0"]
[WhiteElo "1985"]
[BlackElo "1083"]
[PlyCount "89"]
[EventDate "2019.08.16"]
[EventType "swiss"]
[EventRounds "9"]
[EventCountry "CAN"]

1. d4 d5 2. Bf4 Nf6 3. e3 Bf5 4. Nf3 e6 5. Bd3 Ne4 6. O-O f6 7. Nh4 Bd6 8. Nxf5
exf5 9. Bxd6 Qxd6 10. f3 Ng5 11. Bxf5 g6 12. Bd3 Nd7 13. c4 O-O-O 14. cxd5 Qxd5
15. Nc3 Qa5 16. Qb3 Nc5 17. Qb5 Qxb5 18. Bxb5 Nd7 19. Rac1 Kb8 20. Bc4 Nb6 21.
Bb3 Rhe8 22. Rfe1 f5 23. Na4 Nxa4 24. Bxa4 c6 25. Bb3 Ne6 26. Bxe6 Rxe6 27. Kf2
a5 28. Rc5 Rd5 29. Rxd5 cxd5 30. Rc1 Rb6 31. Rc2 h5 32. e4 fxe4 33. fxe4 dxe4
34. Ke3 Re6 35. Rc5 Rb6 36. b3 Ra6 37. a4 Rb6 38. Rb5 Rxb5 39. axb5 Kc7 40.
Kxe4 Kb6 41. Kd5 Kc7 42. Ke6 Kd8 43. Kd6 g5 44. g3 b6 45. d5 1-0

[Event "NAYCC U14"]
[Site "Kingston CAN"]
[Date "2019.08.16"]
[Round "2.124"]
[White "Li, Weijie"]
[Black "Huang, Ryan"]
[Result "1-0"]
[WhiteElo "2022"]
[BlackElo "2024"]
[PlyCount "63"]
[EventDate "2019.08.16"]
[EventType "swiss"]
[EventRounds "9"]
[EventCountry "CAN"]

1. d4 Nf6 2. c4 c5 3. d5 b5 4. cxb5 a6 5. bxa6 g6 6. Nc3 Bxa6 7. g3 Bg7 8. Bg2
d6 9. Nh3 Nbd7 10. O-O O-O 11. Qc2 Nb6 12. Rb1 Bc4 13. Nf4 Bxa2 14. Nxa2 Rxa2
15. Rd1 Qa8 16. Qd3 Rb8 17. b4 c4 18. Qe3 Qa4 19. Bd2 Ng4 20. Qxe7 c3 21. Bxc3
Bxc3 22. Qc7 Rc8 23. Qxb6 Be5 24. Nd3 Rcc2 25. Bf3 h5 26. h3 Nh6 27. Nxe5 dxe5
28. Qb8+ Kh7 29. Qxe5 Rd2 30. Rxd2 Rxd2 31. Ra1 Qc2 32. Ra8 1-0

[Event "NAYCC U14"]
[Site "Kingston CAN"]
[Date "2019.08.16"]
[Round "2.124"]
[White "Yang, Henry"]
[Black "Shubin, Daniel"]
[Result "1/2-1/2"]
[WhiteElo "1527"]
[BlackElo "2041"]
[PlyCount "110"]
[EventDate "2019.08.16"]
[EventType "swiss"]
[EventRounds "9"]
[EventCountry "CAN"]

1. d4 d5 2. c4 e6 3. Nc3 Nf6 4. Bg5 Nbd7 5. e3 c6 6. Nf3 Qa5 7. Qb3 Bb4 8. a3
Bxc3+ 9. Qxc3 Qxc3+ 10. bxc3 Ne4 11. Rc1 Nxg5 12. Nxg5 b6 13. cxd5 cxd5 14. c4
h6 15. Nf3 dxc4 16. Bxc4 Bb7 17. Bb5 Bxf3 18. gxf3 Ke7 19. Rc7 Rhd8 20. Ke2 a6
21. Bxd7 Rxd7 22. Rhc1 Ra7 23. Rxa7 Rxa7 24. e4 Kd6 25. Kd3 b5 26. f4 Rc7 27.
Rxc7 Kxc7 28. Kc3 g5 29. fxg5 hxg5 30. f3 a5 31. h3 Kd6 32. Kb3 Ke7 33. Kc2 Kf6
34. Kd3 Kg6 35. Kc3 Kg7 36. Kd3 Kf8 37. Kc2 Ke8 38. Kc3 Kd8 39. Kd2 Kd7 40. Kc3
Kc6 41. Kb3 f5 42. Kc3 Kd6 43. Kb2 Ke7 44. Kc2 Kf6 45. Kd3 Kg6 46. Kd2 Kh5 47.
Kd3 fxe4+ 48. fxe4 g4 49. hxg4+ Kxg4 50. d5 exd5 51. exd5 Kf5 52. Kd4 b4 53.
axb4 axb4 54. Kc4 Ke5 55. Kxb4 Kxd5 1/2-1/2

[Event "NAYCC U14"]
[Site "Kingston CAN"]
[Date "2019.08.16"]
[Round "2.125"]
[White "Wang, Oscar"]
[Black "Wu, Lucian"]
[Result "1/2-1/2"]
[WhiteElo "1787"]
[BlackElo "1832"]
[PlyCount "75"]
[EventDate "2019.08.16"]
[EventType "swiss"]
[EventRounds "9"]
[EventCountry "CAN"]

1. e4 e5 2. Nf3 Nc6 3. Bc4 Nf6 4. d3 Be7 5. c3 O-O 6. O-O h6 7. a4 d5 8. exd5
Nxd5 9. h3 Bf5 10. Re1 Bf6 11. Nbd2 Nf4 12. Ne4 Re8 13. Bxf4 exf4 14. Nxf6+
Qxf6 15. Qd2 Qd6 16. d4 Rad8 17. Rad1 a6 18. Ba2 b5 19. axb5 axb5 20. d5 Na7
21. Qd4 Nc8 22. Ne5 Bh7 23. Nc6 Rxe1+ 24. Rxe1 Rf8 25. Bb3 Qg6 26. Qxf4 Qd3 27.
Nd4 Nd6 28. Rd1 Qe4 29. Qxe4 Bxe4 30. Re1 Rb8 31. f3 Bg6 32. Nc6 Rb7 33. Ne7+
Kh7 34. Nxg6 Kxg6 35. Bc2+ Kf6 36. b3 Ra7 37. Rc1 Ke5 38. Rd1 1/2-1/2

[Event "NAYCC U14"]
[Site "Kingston CAN"]
[Date "2019.08.16"]
[Round "2.126"]
[White "Li, Dennis"]
[Black "Gao, Raymond"]
[Result "1/2-1/2"]
[WhiteElo "2151"]
[BlackElo "2136"]
[PlyCount "73"]
[EventDate "2019.08.16"]
[EventType "swiss"]
[EventRounds "9"]
[EventCountry "CAN"]

1. e4 c5 2. Nf3 d6 3. Bb5+ Bd7 4. Bxd7+ Nxd7 5. O-O Ngf6 6. Qe2 e6 7. c3 Be7 8.
d4 cxd4 9. cxd4 d5 10. e5 Ne4 11. Ne1 Qb6 12. Be3 f5 13. f3 Ng5 14. Nd3 O-O 15.
Nc3 Rac8 16. Rfc1 Rc6 17. Qd2 Rfc8 18. a3 Nf7 19. b4 Qc7 20. Nc5 Bxc5 21. bxc5
b6 22. Nb5 Qb8 23. Nd6 R8c7 24. Rab1 Qf8 25. f4 bxc5 26. dxc5 Nxc5 27. Bxc5
Rxc5 28. Rxc5 Rxc5 29. Nxf7 Kxf7 30. Rb7+ Kg8 31. Qb2 Rc8 32. Qb4 Qxb4 33. axb4
Rc4 34. g3 d4 35. Rxa7 Rxb4 36. Ra8+ Kf7 37. Ra7+ 1/2-1/2

[Event "NAYCC U14"]
[Site "Kingston CAN"]
[Date "2019.08.16"]
[Round "2.127"]
[White "De Costa, Benjamin"]
[Black "Vijendra, Vinushan"]
[Result "1-0"]
[WhiteElo "1332"]
[BlackElo "1474"]
[PlyCount "84"]
[EventDate "2019.08.16"]
[EventType "swiss"]
[EventRounds "9"]
[EventCountry "CAN"]

1. d4 Nf6 2. c4 e6 3. Nf3 d5 4. Nc3 Bb4 5. Bg5 c5 6. dxc5 Qa5 7. Bxf6 gxf6 8.
Qd4 Nd7 9. cxd5 Bxc5 10. Qd2 Nb6 11. e4 Bb4 12. Bb5+ Kf8 13. O-O Bxc3 14. Qxc3
Qxb5 15. Qxf6 Rg8 16. Ng5 Rg7 17. Nxe6+ Bxe6 18. dxe6 Qg5 19. Qxg5 Rxg5 20.
exf7 Rc8 21. Rac1 Rgc5 22. Rxc5 Rxc5 23. f3 Rc2 24. Rf2 Rc1+ 25. Rf1 Rxf1+ 26.
Kxf1 Kxf7 27. Ke2 Ke6 28. f4 Na4 29. Kd3 Nxb2+ 30. Kd4 Na4 31. f5+ Kf6 32. g4
Nb6 33. h4 h6 34. e5+ Kf7 35. g5 hxg5 36. hxg5 Nc8 37. e6+ Kg7 38. f6+ Kg8 39.
Kc5 a6 40. g6 Kf8 41. g7+ Kg8 42. e7 Kf7 1-0

[Event "NAYCC U14"]
[Site "Kingston CAN"]
[Date "2019.08.17"]
[Round "3.128"]
[White "Mao, Fengxi"]
[Black "Chakkoli, Anirud"]
[Result "1-0"]
[WhiteElo "2111"]
[BlackElo "1769"]
[PlyCount "67"]
[EventDate "2019.08.16"]
[EventType "swiss"]
[EventRounds "9"]
[EventCountry "CAN"]

1. e4 c5 2. Nf3 d6 3. d4 cxd4 4. Nxd4 Nf6 5. Nc3 a6 6. Be2 e5 7. Nb3 Be6 8. f4
Nbd7 9. f5 Bxb3 10. axb3 Be7 11. O-O b5 12. b4 Nb6 13. Rxa6 Rxa6 14. Bxb5+ Nbd7
15. Bxa6 Qb6+ 16. Kh1 Qxa6 17. b5 Qb7 18. Bg5 Nxe4 19. Bxe7 Kxe7 20. Nd5+ Ke8
21. c4 Nb6 22. Qf3 Nc5 23. b4 e4 24. Qg4 Nxd5 25. Qxg7 Rf8 26. bxc5 Ne3 27. c6
Qc8 28. Rf4 Nxc4 29. Rxe4+ Ne5 30. Rxe5+ dxe5 31. Qxe5+ Kd8 32. Qd6+ Ke8 33. f6
Qe6 34. Qb8+ 1-0

[Event "NAYCC U14"]
[Site "Kingston CAN"]
[Date "2019.08.17"]
[Round "3.129"]
[White "Zheng, Kevin"]
[Black "Ran, Charles"]
[Result "1-0"]
[WhiteElo "2058"]
[BlackElo "1619"]
[PlyCount "83"]
[EventDate "2019.08.16"]
[EventType "swiss"]
[EventRounds "9"]
[EventCountry "CAN"]

1. d4 d5 2. c4 Nf6 3. cxd5 Nxd5 4. Nf3 e6 5. e4 Nf6 6. Nc3 Bb4 7. Bd3 Nc6 8.
O-O O-O 9. e5 Nd5 10. Bxh7+ Kxh7 11. Ng5+ Kg8 12. Qh5 Qxg5 13. Bxg5 Nxc3 14.
bxc3 Be7 15. f4 Bd7 16. Rf3 f6 17. Rh3 fxg5 18. fxg5 Bxg5 19. Qxg5 Rf5 20. Qh4
Raf8 21. g4 Rf4 22. Qh5 Be8 23. Qh7+ Kf7 24. g5 Ne7 25. Rf1 Rxf1+ 26. Kxf1 Bc6
27. Ke1 Ng6 28. Qh5 Be4 29. Qe2 Bf5 30. Rf3 Ke7 31. Rf2 Rh8 32. Qb5 b6 33. Qc6
Rc8 34. Rxf5 exf5 35. Qxg6 Rf8 36. d5 f4 37. Qxg7+ Rf7 38. d6+ cxd6 39. exd6+
Ke6 40. Qg8 f3 41. g6 f2+ 42. Kf1 1-0

[Event "NAYCC U14"]
[Site "Kingston CAN"]
[Date "2019.08.17"]
[Round "3.130"]
[White "Astudillo Cuevas, Alonso"]
[Black "Craciun, David"]
[Result "0-1"]
[WhiteElo "1975"]
[BlackElo "1949"]
[PlyCount "124"]
[EventDate "2019.08.16"]
[EventType "swiss"]
[EventRounds "9"]
[EventCountry "CAN"]

1. e4 e5 2. Nf3 Nc6 3. Bb5 a6 4. Ba4 Nf6 5. d3 b5 6. Bb3 d6 7. c3 Be7 8. Nbd2
O-O 9. Nf1 Bb7 10. Ng3 Re8 11. O-O Bf8 12. Ng5 Re7 13. Nh5 Qd7 14. Nxf6+ gxf6
15. Nf3 Na5 16. Bc2 c5 17. Nh4 Bc8 18. Nf5 Re8 19. Re1 Qd8 20. Qg4+ Kh8 21. Re3
Bxf5 22. exf5 Bh6 23. Rg3 Bg5 24. h4 Rg8 25. hxg5 fxg5 26. f6 h6 27. Qf5 Rg6
28. d4 Qxf6 29. dxe5 dxe5 30. Qxf6+ Rxf6 31. Be3 Rc8 32. Be4 Rd6 33. b4 cxb4
34. cxb4 Nc4 35. Bc5 Rf6 36. Rd1 Kg7 37. Be7 Rb6 38. Rf3 Re8 39. Rd7 Nd2 40.
Re3 Re6 41. Bc5 Nxe4 42. Rxe4 Rc8 43. Bd6 Rc1+ 44. Kh2 Rc2 45. Rxe5 Kf6 46. Rc5
Rxf2 47. Rcc7 Rxa2 48. Rxf7+ Kg6 49. Rg7+ Kh5 50. Bc5 Ree2 51. Kg3 Ra3+ 52. Kh2
Kh4 53. Bd6 Raa2 54. Rh7 h5 55. Rce7 Rxg2+ 56. Kh1 Kg4 57. Rhf7 Kh4 58. Re4+ g4
59. Be7+ Kh3 60. Re3+ g3 61. Rxg3+ Rxg3 62. Rf1 Rh2# 0-1

[Event "NAYCC U14"]
[Site "Kingston CAN"]
[Date "2019.08.17"]
[Round "3.131"]
[White "Wang, Paul"]
[Black "Clarke, Adam"]
[Result "1-0"]
[WhiteElo "1977"]
[BlackElo "1072"]
[PlyCount "29"]
[EventDate "2019.08.16"]
[EventType "swiss"]
[EventRounds "9"]
[EventCountry "CAN"]

1. e4 e5 2. Qh5 g6 3. Qxe5+ Ne7 4. Qxh8 Nbc6 5. Bc4 d6 6. d4 Nb4 7. Na3 c5 8.
Bh6 Kd7 9. Bxf8 cxd4 10. O-O-O Nec6 11. Nb5 Qg5+ 12. Kb1 Qxg2 13. Qf6 Qxe4 14.
Qxd6+ Ke8 15. Nc7# 1-0

[Event "NAYCC U14"]
[Site "Kingston CAN"]
[Date "2019.08.17"]
[Round "3.132"]
[White "Xu, Philip"]
[Black "Modi, Ethan"]
[Result "0-1"]
[WhiteElo "1083"]
[BlackElo "1980"]
[PlyCount "102"]
[EventDate "2019.08.16"]
[EventType "swiss"]
[EventRounds "9"]
[EventCountry "CAN"]

1. c4 c6 2. Nc3 d5 3. d4 Nf6 4. Nf3 e6 5. Bf4 Bd6 6. Bxd6 Qxd6 7. e3 O-O 8. Qc2
Nbd7 9. Bd3 dxc4 10. Bxc4 e5 11. dxe5 Nxe5 12. Nxe5 Qxe5 13. h3 Qg5 14. f4 Qc5
15. Nd1 Qb4+ 16. Qc3 Qb6 17. O-O Re8 18. Qb3 Qc7 19. Nf2 a5 20. a4 Be6 21. Bxe6
Rxe6 22. Rfe1 Rae8 23. Re2 Nd5 24. e4 Nxf4 25. Re3 Rg6 26. g3 Ne6 27. Kh1 Nc5
28. Qc3 Na6 29. Rae1 Nb4 30. Rf3 Qe5 31. Qxe5 Rxe5 32. Rf5 Re8 33. Rxa5 Rxg3
34. Kh2 Rf3 35. Kg2 Rxf2+ 36. Kxf2 Nd3+ 37. Kf1 Nxe1 38. Kxe1 Rxe4+ 39. Kf2 Re8
40. Ra7 Rb8 41. Ke3 g6 42. b4 Kg7 43. Kf4 Kf6 44. h4 h6 45. Ra5 Rd8 46. Ke4 Ke6
47. b5 Kd6 48. b6 c5 49. Rb5 Ra8 50. a5 Kc6 51. Rb2 Rxa5 0-1

[Event "NAYCC U14"]
[Site "Kingston CAN"]
[Date "2019.08.17"]
[Round "3.133"]
[White "Lang, Quintin"]
[Black "Yang, Henry"]
[Result "1-0"]
[WhiteElo "1103"]
[BlackElo "1527"]
[PlyCount "79"]
[EventDate "2019.08.16"]
[EventType "swiss"]
[EventRounds "9"]
[EventCountry "CAN"]

1. e4 e5 2. Nf3 Nc6 3. Bb5 a6 4. Ba4 Nf6 5. O-O Be7 6. Re1 b5 7. Bb3 d6 8. c3
O-O 9. h3 Na5 10. Bc2 c5 11. d4 Nc6 12. d5 Nb8 13. Nbd2 Nbd7 14. a4 b4 15. cxb4
cxb4 16. a5 Nc5 17. Nb3 Nxb3 18. Bxb3 Rb8 19. Be3 Nd7 20. Qd2 Qc7 21. Rec1 Nc5
22. Bxc5 dxc5 23. Bc4 Bd6 24. b3 Qa7 25. Re1 Bd7 26. Qd3 Bb5 27. Nd2 Rfd8 28.
Bxb5 Rxb5 29. Nc4 Qe7 30. Qg3 Bc7 31. Qg4 Re8 32. Red1 Qd8 33. d6 Bxa5 34. d7
Re6 35. Rxa5 Re7 36. Rxb5 axb5 37. Na5 h5 38. Nc6 hxg4 39. Nxd8 gxh3 40. Nc6
1-0

[Event "NAYCC U14"]
[Site "Kingston CAN"]
[Date "2019.08.17"]
[Round "3.134"]
[White "Shubin, Daniel"]
[Black "Wang, Eric"]
[Result "0-1"]
[WhiteElo "2041"]
[BlackElo "1554"]
[PlyCount "48"]
[EventDate "2019.08.16"]
[EventType "swiss"]
[EventRounds "9"]
[EventCountry "CAN"]

1. e4 e5 2. Nf3 Nc6 3. Bc4 Bc5 4. c3 Nf6 5. d4 exd4 6. cxd4 Bb4+ 7. Bd2 Nxe4 8.
Bxb4 Nxb4 9. Bxf7+ Kxf7 10. Qb3+ d5 11. Ne5+ Ke6 12. Qxb4 c5 13. Qa4 Qb6 14.
Nd3 c4 15. Nf4+ Kf5 16. Nxd5 Qxd4 17. Ne3+ Kg6 18. Qc2 Qd3 19. Qxc4 Nxf2 20.
Qf4 Nxh1 21. Nc3 Re8 22. Ncd1 Re4 23. Qf1 Rxe3+ 24. Nxe3 Qxe3+ 0-1

[Event "NAYCC U14"]
[Site "Kingston CAN"]
[Date "2019.08.17"]
[Round "3.135"]
[White "Stoilov, Vadym"]
[Black "Ouellette, Alex"]
[Result "1/2-1/2"]
[WhiteElo "1626"]
[BlackElo "1393"]
[PlyCount "46"]
[EventDate "2019.08.16"]
[EventType "swiss"]
[EventRounds "9"]
[EventCountry "CAN"]

1. e4 c5 2. Nf3 d6 3. c3 Nf6 4. Bd3 Nc6 5. O-O e6 6. Bc2 Be7 7. Re1 Qc7 8. d4
cxd4 9. cxd4 O-O 10. Nc3 a6 11. a3 e5 12. dxe5 dxe5 13. Nd5 Qd8 14. Nxe7+ Qxe7
15. h3 Be6 16. Be3 Rfd8 17. Qc1 Rac8 18. Rd1 h6 19. Rxd8+ Rxd8 20. Bb6 Rc8 21.
Qd2 Nh5 22. Re1 Nf4 23. Bd1 Qf6 1/2-1/2

[Event "NAYCC U14"]
[Site "Kingston CAN"]
[Date "2019.08.17"]
[Round "3.136"]
[White "Mai, Deren"]
[Black "He, Jinglai"]
[Result "1/2-1/2"]
[WhiteElo "1277"]
[BlackElo "1398"]
[PlyCount "88"]
[EventDate "2019.08.16"]
[EventType "swiss"]
[EventRounds "9"]
[EventCountry "CAN"]

1. e4 e5 2. Nf3 Nc6 3. Bc4 Bc5 4. c3 Nf6 5. d3 h6 6. a4 a5 7. O-O O-O 8. Nbd2
d5 9. exd5 Nxd5 10. Re1 Re8 11. Ne4 Bf8 12. Ng3 Nf6 13. Bb5 Bd6 14. Bxc6 bxc6
15. h3 Rb8 16. Ne4 Nd5 17. d4 exd4 18. Nxd4 Bd7 19. Nxd6 cxd6 20. Rxe8+ Qxe8
21. Bd2 c5 22. Ne2 Rxb2 23. c4 Nb6 24. Nf4 Nxc4 25. Bc3 Rb8 26. Nh5 f6 27. Bxf6
g6 28. Qc1 Kh7 29. Qxc4 gxh5 30. Qd3+ Qg6 31. Qxd6 Rb7 32. Qe7+ Kg8 33. Rd1 Rb1
34. Qd8+ Be8 35. Rxb1 Qxb1+ 36. Kh2 Qg6 37. f4 c4 38. f5 Qf7 39. Bc3 Kh7 40.
Qxa5 Bd7 41. Qe5 Bxf5 42. a5 Bc8 43. Qh8+ Kg6 44. Qxc8 Qf4+ 1/2-1/2

[Event "NAYCC U14"]
[Site "Kingston CAN"]
[Date "2019.08.17"]
[Round "3.137"]
[White "Vijendra, Vinushan"]
[Black "Liu, Harrison"]
[Result "1-0"]
[WhiteElo "1474"]
[BlackElo "1684"]
[PlyCount "69"]
[EventDate "2019.08.16"]
[EventType "swiss"]
[EventRounds "9"]
[EventCountry "CAN"]

1. e4 d5 2. exd5 Nf6 3. Nc3 Nxd5 4. Nxd5 Qxd5 5. Qf3 Qe5+ 6. Qe2 Nc6 7. Nf3 Qc5
8. c3 Bg4 9. d4 Qa5 10. Qb5 Bxf3 11. gxf3 O-O-O 12. Be3 e6 13. a4 Rd5 14. Qc4
Kd7 15. b4 Nxb4 16. cxb4 Bxb4+ 17. Ke2 b5 18. Qc2 Bc3 19. Rd1 b4 20. f4 Rb8 21.
Qb3 Qa6+ 22. Kf3 Qb7 23. Kg3 Ra5 24. Bg2 c6 25. Rd3 Qc7 26. Rb1 Kc8 27. Bh3 Rd5
28. Kf3 f5 29. Bf1 Qb7 30. Rxc3 c5 31. Kg3 bxc3 32. Qxb7+ Rxb7 33. Ba6 Rdd7 34.
Bxb7+ Rxb7 35. dxc5 1-0

[Event "NAYCC U14"]
[Site "Kingston CAN"]
[Date "2019.08.17"]
[Round "3.138"]
[White "Xing, Larrance"]
[Black "Trey, Justin"]
[Result "1-0"]
[WhiteElo "1746"]
[BlackElo "1419"]
[PlyCount "57"]
[EventDate "2019.08.16"]
[EventType "swiss"]
[EventRounds "9"]
[EventCountry "CAN"]

1. e4 e6 2. d4 d5 3. Nc3 dxe4 4. Nxe4 Nd7 5. Nf3 Ngf6 6. Nxf6+ Nxf6 7. c3 Be7
8. Bd3 b6 9. Bb5+ Bd7 10. Bxd7+ Qxd7 11. O-O c5 12. Ne5 Qd5 13. Qa4+ Nd7 14.
Rd1 Rd8 15. Nc6 Rc8 16. Nxe7 Kxe7 17. dxc5 Nxc5 18. Qh4+ f6 19. Rxd5 exd5 20.
Be3 Ne6 21. h3 h5 22. Qb4+ Kf7 23. Rd1 Rc4 24. Qb5 Nc7 25. Qd7+ Kg6 26. Bd4 Rf8
27. b3 Rf7 28. Qd6 Ne8 29. Qg3+ 1-0

[Event "NAYCC U14"]
[Site "Kingston CAN"]
[Date "2019.08.17"]
[Round "3.139"]
[White "Ning, Oswin"]
[Black "Albury, Noah"]
[Result "1-0"]
[WhiteElo "1805"]
[BlackElo "1508"]
[PlyCount "71"]
[EventDate "2019.08.16"]
[EventType "swiss"]
[EventRounds "9"]
[EventCountry "CAN"]

1. e4 e5 2. Nc3 Nf6 3. Bc4 Bc5 4. Nf3 Nc6 5. d3 h6 6. Be3 Bxe3 7. fxe3 O-O 8.
O-O d6 9. a3 Bg4 10. Qe1 Re8 11. Qg3 Qd7 12. h3 Be6 13. Bxe6 Qxe6 14. Nh4 Nh5
15. Qf3 Qf6 16. Qxh5 Qe6 17. Nf5 Kf8 18. Rf2 Ne7 19. Nxe7 Rxe7 20. Raf1 f6 21.
Nd5 Rf7 22. Qg6 c6 23. Qh7 cxd5 24. Qh8+ Ke7 25. Qxa8 dxe4 26. Qxb7+ Ke8 27.
Qxe4 d5 28. Qa4+ Kd8 29. e4 dxe4 30. dxe4 g5 31. Rd2+ Kc8 32. Rfd1 Rf8 33. Rd6
Qe7 34. Rd7 Qe8 35. Qc6+ Kb8 36. Qb7# 1-0

[Event "NAYCC U14"]
[Site "Kingston CAN"]
[Date "2019.08.17"]
[Round "3.140"]
[White "Wang, Edward"]
[Black "Wei, Hunter"]
[Result "1/2-1/2"]
[WhiteElo "1111"]
[BlackElo "1530"]
[PlyCount "96"]
[EventDate "2019.08.16"]
[EventType "swiss"]
[EventRounds "9"]
[EventCountry "CAN"]

1. e4 e5 2. Nf3 Nc6 3. d4 exd4 4. Nxd4 Nf6 5. Nxc6 bxc6 6. e5 Nd5 7. c4 Nb6 8.
Nd2 Bb4 9. Bd3 O-O 10. O-O Re8 11. Nf3 d5 12. exd6 Bxd6 13. Qc2 h6 14. c5 Bxc5
15. Qxc5 Qxd3 16. Qxc6 Ba6 17. Be3 Re6 18. Qxc7 Nd5 19. Qc5 Nxe3 20. fxe3 Qxe3+
21. Qxe3 Rxe3 22. Rfe1 Re2 23. Rxe2 Bxe2 24. Re1 Bxf3 25. gxf3 Rb8 26. b3 Rb7
27. Re4 Kh7 28. Ra4 Kg6 29. Kg2 Kh5 30. h4 f5 31. Kg3 g5 32. hxg5 hxg5 33. f4
Rd7 34. fxg5 Kxg5 35. Kf3 Rf7 36. Ra5 Kf6 37. Kf4 Ke6 38. a4 Kd6 39. b4 Kc6 40.
Rc5+ Kd6 41. Re5 Rh7 42. Rb5 Rh4+ 43. Kxf5 Rh5+ 44. Ke4 Rxb5 45. axb5 Kc7 46.
Kd5 Kb7 47. Kc5 Kc7 48. Kd5 Kb7 1/2-1/2

[Event "NAYCC U14"]
[Site "Kingston CAN"]
[Date "2019.08.17"]
[Round "3.141"]
[White "Yoker, Callum"]
[Black "Wang, Robert"]
[Result "1-0"]
[WhiteElo "1345"]
[BlackElo "1287"]
[PlyCount "47"]
[EventDate "2019.08.16"]
[EventType "swiss"]
[EventRounds "9"]
[EventCountry "CAN"]

1. d4 Nf6 2. Nc3 e6 3. e4 Bb4 4. Bd3 Bxc3+ 5. bxc3 d6 6. f4 e5 7. fxe5 dxe5 8.
Nf3 exd4 9. cxd4 Bg4 10. c3 O-O 11. O-O h6 12. Qe1 c5 13. d5 Re8 14. c4 Nxe4
15. Bxe4 f5 16. Qe3 fxe4 17. Nd2 Nd7 18. Nxe4 Nb6 19. Qf4 Be2 20. Rf2 Bxc4 21.
Qf7+ Kh8 22. Bb2 Re7 23. Bxg7+ Kh7 24. Nf6# 1-0

[Event "NAYCC U14"]
[Site "Kingston CAN"]
[Date "2019.08.17"]
[Round "3.111"]
[White "Kang, Dorian"]
[Black "Tu, Lewis"]
[Result "1-0"]
[WhiteElo "2209"]
[BlackElo "1937"]
[PlyCount "57"]
[EventDate "2019.08.16"]
[EventType "swiss"]
[EventRounds "9"]
[EventCountry "CAN"]

1. e4 c5 2. Nf3 d6 3. d4 cxd4 4. Nxd4 Nf6 5. f3 a6 6. c4 e5 7. Nb3 Be6 8. Be3
Nbd7 9. Nc3 h5 10. Nd5 Bxd5 11. cxd5 g6 12. Qd2 Nc5 13. Na5 Rb8 14. b4 Na4 15.
Qc2 Nb6 16. Nxb7 Rxb7 17. Qc6+ Qd7 18. Bxa6 Nbxd5 19. exd5 Rxb4 20. a4 Be7 21.
Bb5 Qxc6 22. Bxc6+ Kf8 23. a5 Kg7 24. a6 Ne8 25. a7 Nc7 26. O-O Rb3 27. Bf2 Bf6
28. Rfb1 Rxb1+ 29. Rxb1 1-0

[Event "NAYCC U14"]
[Site "Kingston CAN"]
[Date "2019.08.17"]
[Round "3.112"]
[White "Wu, Eric"]
[Black "Zheng, Richard Qinghe"]
[Result "1-0"]
[WhiteElo "2080"]
[BlackElo "2180"]
[PlyCount "161"]
[EventDate "2019.08.16"]
[EventType "swiss"]
[EventRounds "9"]
[EventCountry "CAN"]

1. e4 c6 2. d4 d5 3. Nc3 dxe4 4. Nxe4 Nf6 5. Nxf6+ exf6 6. Nf3 Bd6 7. Bd3 O-O
8. O-O Re8 9. Be3 Nd7 10. Qd2 Nf8 11. Bf4 Bg4 12. Bxd6 Qxd6 13. Nh4 Rad8 14. h3
Be6 15. c3 Ng6 16. Nxg6 fxg6 17. Qc2 a6 18. Rad1 Bf7 19. b3 Kf8 20. Rd2 Re7 21.
Rfd1 Qf4 22. Re2 Rxe2 23. Bxe2 Be6 24. Bf3 Bxh3 25. Re1 Bf5 26. Qe2 Qd6 27. Qc4
h5 28. Qe2 Qd7 29. Qc4 Qf7 30. Qb4+ Kg8 31. Re7 Qf8 32. Rxb7 c5 33. Qxc5 Qe8
34. Re7 Qf8 35. Re3 Rd6 36. Bxh5 gxh5 37. Qxf5 Qf7 38. Qc5 Rd5 39. Qc6 Kh7 40.
Qe6 Qb7 41. Qe4+ f5 42. Qh4 Qf7 43. Qf4 Qf6 44. Re5 Rxe5 45. Qxe5 Qg5 46. Qe3
Qf6 47. d5 h4 48. Qd3 Qg5 49. d6 Qc1+ 50. Qf1 Qd2 51. Qxa6 Qc1+ 52. Qf1 Qd2 53.
Qb1 g6 54. c4 Qxd6 55. Qc1 f4 56. c5 Qf6 57. Qd1 Kh6 58. Kh2 h3 59. gxh3 f3 60.
Qd2+ Kh7 61. Qe3 Qc6 62. Kg3 Qc7+ 63. Kxf3 Qc6+ 64. Kg3 Qc7+ 65. Kg2 Qb7+ 66.
f3 Qg7 67. Qd2 Qc7 68. b4 Qc6 69. a3 Qa4 70. Qb2 Qc6 71. Qc2 Qb5 72. h4 Qc6 73.
h5 Kh8 74. Qc3+ Kh7 75. Qd3 Kh8 76. Qd4+ Kg8 77. h6 Kf7 78. Qg7+ Ke6 79. Qxg6+
Ke7 80. Qxc6 Kf8 81. Qd7 1-0

[Event "NAYCC U14"]
[Site "Kingston CAN"]
[Date "2019.08.17"]
[Round "3.113"]
[White "Ivanescu, Mark"]
[Black "Wu, Tony (Dongze)"]
[Result "0-1"]
[WhiteElo "1985"]
[BlackElo "2127"]
[PlyCount "86"]
[EventDate "2019.08.16"]
[EventType "swiss"]
[EventRounds "9"]
[EventCountry "CAN"]

1. d4 Nf6 2. Nf3 e6 3. Bf4 Be7 4. h3 b6 5. e3 Bb7 6. Bd3 d6 7. c3 Nbd7 8. O-O
Ne4 9. Nbd2 f5 10. Bc2 Ndf6 11. Ba4+ c6 12. Nxe4 Nxe4 13. c4 O-O 14. Bh2 Rf6
15. Rc1 Qf8 16. b4 Rc8 17. Bb3 c5 18. b5 g5 19. Nd2 Nxd2 20. Qxd2 Rg6 21. Bd1
Rd8 22. d5 e5 23. Be2 Bc8 24. a4 Qg7 25. a5 f4 26. axb6 axb6 27. Rc3 Rf8 28. f3
fxe3 29. Qxe3 Rf4 30. Bd3 Rh6 31. Bxf4 gxf4 32. Qd2 Bh4 33. Ra1 Bxh3 34. Ra8+
Kf7 35. Rca3 Rh5 36. Qa2 Be7 37. R3a7 Kf6 38. Re8 Bxg2 39. Kf2 Qg3+ 40. Ke2 Rh2
41. Kd1 Bxf3+ 42. Be2 Qg1+ 43. Kd2 Qe3+ 0-1

[Event "NAYCC U14"]
[Site "Kingston CAN"]
[Date "2019.08.17"]
[Round "3.114"]
[White "Rusonik, Max"]
[Black "England, Max"]
[Result "1/2-1/2"]
[WhiteElo "2180"]
[BlackElo "1998"]
[PlyCount "120"]
[EventDate "2019.08.16"]
[EventType "swiss"]
[EventRounds "9"]
[EventCountry "CAN"]

1. e4 e5 2. Nf3 Nc6 3. Bc4 Bc5 4. b4 Bxb4 5. c3 Ba5 6. d4 exd4 7. O-O Nge7 8.
Ng5 Ne5 9. Nxf7 Nxf7 10. Bxf7+ Kxf7 11. Qh5+ g6 12. Qxa5 d5 13. cxd4 dxe4 14.
Qe5 Re8 15. Bg5 Qd6 16. Qxe4 Nf5 17. Qf3 Qxd4 18. Nc3 Kg8 19. Nd5 Rf8 20. Nxc7
Rb8 21. Rad1 Qg7 22. Qd5+ Kh8 23. Nb5 b6 24. Nd6 Bb7 25. Nxb7 Qxb7 26. Qe5+ Qg7
27. Qxg7+ Kxg7 28. Rd7+ Rf7 29. Rfd1 Rb7 30. Rd8 h6 31. Bc1 Rfe7 32. Kf1 Rbc7
33. Bb2+ Kf7 34. R1d2 Rc4 35. R8d7 Rce4 36. Rxe7+ Rxe7 37. g3 Ng7 38. h4 Ne6
39. f3 Nc5 40. Kf2 g5 41. hxg5 hxg5 42. Rd6 Re6 43. Rd2 g4 44. Bd4 Rd6 45. Ke3
gxf3 46. Bxc5 Rxd2 47. Kxd2 bxc5 48. Ke3 Kf6 49. Kxf3 Kf5 50. a4 a5 51. Ke3 Kg4
52. Ke4 Kxg3 53. Kd5 Kf4 54. Kxc5 Ke5 55. Kb5 Kd5 56. Kxa5 Kc5 57. Ka6 Kc6 58.
Ka7 Kc7 59. a5 Kc8 60. Kb6 Kb8 1/2-1/2

[Event "NAYCC U14"]
[Site "Kingston CAN"]
[Date "2019.08.17"]
[Round "3.115"]
[White "Zhao, Jeffrey Renfei"]
[Black "Hu, Merric"]
[Result "1/2-1/2"]
[WhiteElo "1999"]
[BlackElo "2215"]
[PlyCount "80"]
[EventDate "2019.08.16"]
[EventType "swiss"]
[EventRounds "9"]
[EventCountry "CAN"]

1. e4 c5 2. Nf3 Nc6 3. d4 cxd4 4. Nxd4 Nf6 5. Nc3 g6 6. Be3 Bg7 7. Bc4 O-O 8.
Bb3 d6 9. f3 Bd7 10. Qd2 Rc8 11. O-O-O Ne5 12. h4 h5 13. g4 hxg4 14. h5 Nxh5
15. Bh6 e6 16. Bxg7 Kxg7 17. fxg4 Nxg4 18. Rdg1 Ngf6 19. Qg5 Rc5 20. Qe3 b5 21.
Nf3 Qc7 22. e5 dxe5 23. Ne4 Rc8 24. Nxf6 Rxc2+ 25. Kb1 Kxf6 26. Qg5+ Kg7 27.
Bxc2 Qxc2+ 28. Ka1 Qe2 29. Qxh5 Rc1+ 30. Rxc1 gxh5 31. Rhg1+ Kf8 32. Rgf1 e4
33. Ng5 f5 34. Rce1 Qg2 35. Nxe4 Ke7 36. Nc5 Qd5 37. Nxd7 Qxd7 38. Rxf5 Qd2 39.
Rfe5 h4 40. Rxe6+ Kf7 1/2-1/2